|
|
|
|
| LEADER |
01057nam a2200265 i 4500 |
| 001 |
43617 |
| 003 |
BD-DhAAL |
| 005 |
20241029121114.0 |
| 008 |
241029t1977 maua b 001 0 eng d |
| 010 |
|
|
|a 76040649
|
| 020 |
|
|
|a 0878939431
|
| 040 |
|
|
|a DLC
|c DLC
|d DLC
|d BD-DhAAL
|
| 050 |
0 |
0 |
|a QH308.2
|b .L52
|
| 082 |
0 |
0 |
|a 574
|
| 245 |
0 |
0 |
|a Life :
|b cells, organisms, populations /
|c Edward O. Wilson ... [et al.].
|
| 260 |
|
|
|a Sunderland, Mass. :
|b Sinauer Associates,
|c c1977.
|
| 300 |
|
|
|a viii, 546 pages :
|b illustrations ;
|c 26 cm
|
| 504 |
|
|
|a Includes bibliographical references and index.
|
| 541 |
|
|
|a Donation from the Asia Foundation/Savar Campus Library
|e 43617
|
| 650 |
|
0 |
|a Biology.
|
| 700 |
1 |
|
|a Wilson, Edward O.
|9 9191
|
| 852 |
|
|
|a Ayesha Abed Library
|
| 942 |
|
|
|2 ddc
|c BK
|
| 999 |
|
|
|c 47074
|d 47074
|
| 952 |
|
|
|0 0
|1 0
|2 ddc
|4 0
|6 574_000000000000000_LIF
|7 0
|9 76836
|a SCL
|b SCL
|c GEN
|d 2024-10-29
|e Donation from the Asia Foundation/Savar Campus Library
|l 0
|o 574 LIF
|p 3020043617
|r 2024-10-29
|t 1
|w 2024-10-29
|y BK
|x Donation from the Asia Foundation/Savar Campus Library
|